<?xml version="1.0" encoding="UTF-8"?>
<record
    xmlns:xsi="http://www.w3.org/2001/XMLSchema-instance"
    xsi:schemaLocation="http://www.loc.gov/MARC21/slim http://www.loc.gov/standards/marcxml/schema/MARC21slim.xsd"
    xmlns="http://www.loc.gov/MARC21/slim">

  <leader>00827nam a2200253Ia 4500</leader>
  <controlfield tag="005">20260306152746.0</controlfield>
  <controlfield tag="008">008  260114s9999    xx            000 0 eng d</controlfield>
  <datafield tag="020" ind1=" " ind2=" ">
    <subfield code="a">9789390412969</subfield>
  </datafield>
  <datafield tag="037" ind1=" " ind2=" ">
    <subfield code="a">EBOOK</subfield>
  </datafield>
  <datafield tag="040" ind1=" " ind2=" ">
    <subfield code="a">CRL</subfield>
  </datafield>
  <datafield tag="040" ind1=" " ind2=" ">
    <subfield code="b">eng</subfield>
  </datafield>
  <datafield tag="040" ind1=" " ind2=" ">
    <subfield code="c">CRL</subfield>
  </datafield>
  <datafield tag="041" ind1=" " ind2=" ">
    <subfield code="2">eng</subfield>
  </datafield>
  <datafield tag="041" ind1=" " ind2=" ">
    <subfield code="a">eng</subfield>
  </datafield>
  <datafield tag="084" ind1=" " ind2=" ">
    <subfield code="q">CRL</subfield>
  </datafield>
  <datafield tag="100" ind1=" " ind2=" ">
    <subfield code="a">&#x939;&#x93F;&#x92E;&#x93E;&#x928;&#x940; &#x92A;&#x93E;&#x902;&#x921;&#x947; (Him&#x101;n&#x12B; P&#x101;&#x1E43;&#x1E0D;e)</subfield>
    <subfield code="9">1124246</subfield>
  </datafield>
  <datafield tag="245" ind1=" " ind2="0">
    <subfield code="a">&#x938;&#x94D;&#x924;&#x94D;&#x930;&#x940; &#x938;&#x92E;&#x930;&#x94D;&#x925;&#x928; &#x914;&#x930; &#x92E;&#x940;&#x921;&#x93F;&#x92F;&#x93E;: &#x938;&#x93E;&#x92E;&#x93E;&#x91C;&#x93F;&#x915; &#x92A;&#x930;&#x93F;&#x935;&#x930;&#x94D;&#x924;&#x928; &#x915;&#x93E; &#x938;&#x94D;&#x930;&#x94B;&#x924; (Str&#x12B; Samarthana Aura M&#x12B;&#x1E0D;iy&#x101;: S&#x101;m&#x101;jika Parivartana K&#x101; Srota )</subfield>
  </datafield>
  <datafield tag="260" ind1=" " ind2=" ">
    <subfield code="b">Venus Publications</subfield>
  </datafield>
  <datafield tag="260" ind1=" " ind2=" ">
    <subfield code="c">2024</subfield>
  </datafield>
  <datafield tag="856" ind1=" " ind2=" ">
    <subfield code="u">https://www.asapglobe.com/searchtitles.aspx?query=9789390412969</subfield>
  </datafield>
  <datafield tag="942" ind1=" " ind2=" ">
    <subfield code="c">EBOOK</subfield>
  </datafield>
  <datafield tag="999" ind1=" " ind2=" ">
    <subfield code="c">1701431</subfield>
    <subfield code="d">1701431</subfield>
  </datafield>
  <datafield tag="952" ind1=" " ind2=" ">
    <subfield code="0">0</subfield>
    <subfield code="1">0</subfield>
    <subfield code="4">0</subfield>
    <subfield code="7">0</subfield>
    <subfield code="a">CRL</subfield>
    <subfield code="b">CRL</subfield>
    <subfield code="d">2026-03-06</subfield>
    <subfield code="l">0</subfield>
    <subfield code="p">CL1981440</subfield>
    <subfield code="r">2026-03-06 15:27:46</subfield>
    <subfield code="w">2026-03-06</subfield>
    <subfield code="y">EBOOK</subfield>
  </datafield>
</record>
